|
|
|
|
| LEADER |
00000nam a2200000 i 4500 |
| 001 |
IT\ICCU\LO1\1037365 |
| 003 |
ItRI |
| 005 |
20250729112309.0 |
| 008 |
060130s2006 it |||||| ||||| |||||c |
| 015 |
|
|
|2 IT
|a 2007-1148
|
| 020 |
|
|
|a 8845920305
|
| 040 |
|
|
|b ita
|c ct
|
| 041 |
|
7 |
|a ita
|2 ISO-639-2
|
| 082 |
|
|
|a 914.95
|2 21
|
| 100 |
1 |
|
|a Arbasino, Alberto
|0 IT\ICCU\CFIV\060368
|4 aut
|
| 245 |
1 |
0 |
|a Dall'Ellade a Bisanzio /
|c Alberto Arbasino.
|
| 260 |
|
|
|a Milano :
|b Adelphi,
|c [2006]
|
| 300 |
|
|
|a 164 p., [8] c. di tav. :
|b ill. ;
|c 18 cm.
|
| 650 |
|
7 |
|a Arte
|x Grecia
|x 1960
|
| 650 |
|
7 |
|a Cultura
|x Grecia
|x 1960
|
| 830 |
|
0 |
|a Piccola biblioteca Adelphi ;
|v 536
|0 IT\ICCU\CFI\0003745
|
| 942 |
|
|
|2 ddc
|c BK
|
| 952 |
|
|
|0 0
|1 0
|2 ddc
|4 0
|6 B_LDV03ARBALDAL11
|7 0
|9 7131
|a MI
|b MI
|d 2009-10-14
|i 5719
|l 0
|o B-LDV03-ARBAL-DAL11
|p CDOM5719
|r 2025-07-13 16:28:30
|w 2025-07-13
|x ACQUISTO
|y BK
|
| 981 |
|
1 |
|6 z01
|a i
|b xxxe
|
| 982 |
|
1 |
|6 z01
|a n
|
| 999 |
|
|
|c 5831
|d 5831
|